000 01241nam a2200265Ia 4500
003 Ost
005 20260507074919.0
008 260507s9999||||xx |||||||||||||| ||und||
020 _a9957163617
040 _cfsecg
041 _aara
082 _a658.403
100 _aعلوان، قاسم نايف
_eمؤلف
245 0 _aإدارة الوقت :
_bمفاهيم-عمليات-تطبيقات /
_c قاسم نايف علوان
260 _aعمان:
_bدار الثقافة,
_c2009
300 _a272 صفحة؛
_bإيضاحات ؛
_c25 سم
504 _aببليوغرافيا: ص.267
520 _aالجذور التاريخية لإدارة الوقت، المفاهيم الأساسية للوقت، ادارة الوقت وفق الوظائف الادارية، العوامل المؤثرة في فاعلية ادارة الوقت، ادارة ضغوط العمل، متطلبات ادارة الوقت وفاعليته، تحديد العوامل المؤثرة في فاعلية ادارة الوقت
653 _aادارة الاعمال
653 _aالادارة
653 _aالمشروعات
653 _aالوقت
700 _aاحميد، نجوى رمضان
_eمؤلف ثانوي
942 _cكتاب
999 _c41789
_d41789